000
00334 a2200169 4500
001
182505
020
_a
85-250-1232-7
040
_c
Magnum
100
_a
Quintana, Mário
240
1
0
_a
Caderno H
_l
por
245
1
0
_a
Caderno H
300
_a
183
362
0
_a
2003
440
1
_a
Globo
697
_a
LITERATURA GERAL
942
_c
BK
999
_c
182505
_d
182505